| 000 | 00874cam a22002771 4500 | ||
|---|---|---|---|
| 001 | 3679 | ||
| 003 | BD-RjUL | ||
| 005 | 20211208233753.0 | ||
| 008 | 740813s1966 enka 001 0 eng | ||
| 035 | _a(BD-RjUL)3713 | ||
| 040 |
_aDLC _cDLC _dDLC _beng |
||
| 041 | _aeng | ||
| 082 | 0 | 0 |
_a320.942 _216 _bCOC 1966 |
| 100 | 1 |
_aCockain, Duncan. _911693 |
|
| 245 | 1 | 0 |
_aConstitutional and administrative law in a nutshell / _cDuncan Cockain |
| 260 |
_aLondon : _bSweet & Maxwell, _c1966. |
||
| 300 |
_axii, 115 p. _btables, diagr. _c18 1/2 cm. |
||
| 490 | 0 | _aNutshell series | |
| 500 | _aStudents' aids. | ||
| 526 | _bPolitical Science | ||
| 650 | 0 |
_aConstitutional law _zGreat Britain _xOutlines, syllabi, etc. _911694 |
|
| 650 | 0 |
_aAdministrative law _zGreat Britain _xOutlines, syllabi, etc. _911695 |
|
| 942 |
_2ddc _cBK |
||
| 999 |
_c3679 _d3679 |
||